Highlights (Record no. 109620)

MARC details
000 -LEADER
fixed length control field 01136cad a22002295a 4500
001 - CONTROL NUMBER
control field E147559
008 - FIXED-LENGTH DATA ELEMENTS--GENERAL INFORMATION
fixed length control field 090522s2009 xxuad f s 000 0 eng d
035 ## - SYSTEM CONTROL NUMBER
System control number (Sirsi) u147559
041 0# - LANGUAGE CODE
Language code of text/sound track or separate title eng
050 04 - LIBRARY OF CONGRESS CALL NUMBER
Classification number 333.33 $2 18
110 2# - MAIN ENTRY--CORPORATE NAME
Corporate name or jurisdiction name as entry element Colliers International Property Consultants
9 (RLIN) 1881
245 00 - TITLE STATEMENT
Title Highlights
Remainder of title retail, spring 2009
Medium [electronic resource]
260 ## - PUBLICATION, DISTRIBUTION, ETC.
Place of publication, distribution, etc. Boston
Name of publisher, distributor, etc. Colliers
Date of publication, distribution, etc. 2009
490 #0 - SERIES STATEMENT
Series statement Colliers United States Retail Highlights
Volume/sequential designation Spring 2009
520 ## - SUMMARY, ETC.
Summary, etc. A semi-annual review of rents, vacancy, development and trends in the retail sector across the United States. Reports that retail purchases fell 0.2% between February and March 2009, and predicts that increasing levels of unemployment will continue to put a brake on consumer spending. Vacancy rates continue to rise, and rents to fall.
590 ## - LOCAL NOTE (RLIN)
Local note KA
650 24 - SUBJECT ADDED ENTRY--TOPICAL TERM
Topical term or geographic name entry element COLLIERS UNITED STATES RETAIL HIGHLIGHTS
651 #4 - SUBJECT ADDED ENTRY--GEOGRAPHIC NAME
Geographic name United States
Chronological subdivision 1959-
690 ## - LOCAL SUBJECT ADDED ENTRY--TOPICAL TERM (OCLC, RLIN)
Topical term or geographic name as entry element PROPERTY-COMMERCIAL PROPERTY-COMMERCIAL PROPERTY MARKET
856 40 - ELECTRONIC LOCATION AND ACCESS
Uniform Resource Identifier <a href="https://www.colliers.com/Markets/USA/MarketReports/">https://www.colliers.com/Markets/USA/MarketReports/</a>
Public note View the report free of charge at www.colliers.com...
942 ## - ADDED ENTRY ELEMENTS (KOHA)
Suppress in OPAC 0
Holdings
Withdrawn status Lost status Source of classification or shelving scheme Damaged status Not for loan Home library Current library Shelving location Date acquired Total Checkouts Full call number Barcode Date last seen Copy number Price effective from Koha item type
    Dewey Decimal Classification     Virtual Virtual Online 22/05/2009   ONLINE PUBLICATION 147559-2001 06/08/2019 1 06/08/2019 Book